Normal view
MARC view
- Bodic, Gwenael Le
Entry Personal Name
001 - CONTROL NUMBER
- control field: 63243
003 - CONTROL NUMBER IDENTIFIER
- control field: NUST
005 - DATE AND TIME OF LATEST TRANSACTION
- control field: 20210628203103.0
008 - FIXED-LENGTH DATA ELEMENTS
- fixed length control field: 210628|| aca||aabn | a|a d
040 ## - CATALOGING SOURCE
- Original cataloging agency: NUST
- Transcribing agency: NUST
100 ## - HEADING--PERSONAL NAME
- Personal name: Bodic, Gwenael Le
670 ## - SOURCE DATA FOUND
- Source citation: Work cat.: (NUST): Bodic, Gwenael Le, Mobile messaging technologies and services ; sms, ems and mms, 2003
